Éléments chimiques avec les noms les plus courts - Statistiques

Statistiques générales
  • Ce quiz a été pris 48 111 fois
  • Le résultat moyen est 6 sur 14
Statistiques - réponses
Élément % Correct
Or
93%
Fer
78%
Zinc
50%
Azote
47%
Néon
45%
Bore
42%
Fluor
38%
Argon
36%
Iode
34%
Xénon
33%
Plomb
30%
Étain
25%
Brome
24%
Radon
20%
Aucun quiz correspondant
Distribution des résultats
% des personnes avec chaque résultat
Percentile par nombre de réponses
Votre historique - résultats
Vous n’avez pas pris ce quiz